The Signal and the Noise

Saved in:
Bibliographic Details
Main Author: Nate Silver
Format: Book
Published: Penguin
Subjects:
Tags: Add Tag
No Tags, Be the first to tag this record!

MARC

LEADER 00000nam a2200000Ia 4500
005 20260427112646.0
526 |b Data Science 
100 |a Nate Silver 
020 |a 9780143125082 
650 |a Analytics 
526 |a Bachelors 
942 |c BK 
245 |a The Signal and the Noise 
260 |b Penguin 
999 |c 24  |d 24 
952 |0 0  |1 0  |4 0  |7 0  |8 2  |a BRISTOL  |b BRISTOL  |d 2026-04-22  |l 0  |p 000058  |r 2026-04-27 11:26:47  |w 2026-04-27  |y BK